00991nam a2200193 450000500170000000800430001702000150006005000230007524501750009825000240027326001390029730000190043650501520045561000560060770000350066370000360069870000340073470000290076820250129121829.0250128b sp |||||||| |||| 00| 0 spa d a968360107304aLE7.M62 bR43 198703aLa Real Universidad de México :bestudios y textos I c/ Lorenzo Mario Luna Díaz, Enrique González González, Margarita Menegus Bornemann, Armando Pavón Romero.  aPrimera edición.  aMéxico : bUniversidad Nacional Autónoma de México ; Coordinación de Humanidades, Centro de Estudios de la Universidad,c1987. av. ; b25 cm.  aContenido : gV.1tEstudios y textos I : Historia de la Universidad colonial (avances de investigación) r/ Lorenzo Mario Luna Díaz [e tal...] 20aReal y Pontificia Universidad de MéxicoxHistoria1 a Luna Díaz, Lorenzo Mario. 1 aGonzález González, Enrique.1 aMenegus Bornemann, Margarita.1 aPavón Romero, Armando.